| 000 | 00778nam a2200229Ia 4500 | ||
|---|---|---|---|
| 005 | 20241129111220.0 | ||
| 008 | 241129s9999||||xx |||||||||||||| ||und|| | ||
| 020 | _a978-81-8315-405-5 | ||
| 037 | _aREF | ||
| 040 |
_aCRL _beng _cCRL |
||
| 041 |
_asan _2san |
||
| 084 |
_aP15p27316,N19 15R0.53(RR) _qCRL |
||
| 100 |
_aVyas Pankaj Kumar Au.; Verkedi Shriniwas Ed.; Peena Madhusudan Ed. _9723678 |
||
| 245 | 0 |
_aAll India oriental conference _cVyas Pankaj Kumar Au.; Verkedi Shriniwas Ed.; Peena Madhusudan Ed. |
|
| 260 |
_aNew Delhi, India _bNew Bhartiya Book Co. _c2020 |
||
| 300 | _a232p. | ||
| 365 |
_aINR _b450 |
||
| 490 | _vVol. 53 | ||
| 650 |
_aSanskrit Language _91031 |
||
| 942 |
_cREF _hP15p27316,N19 15R0.53(RR) |
||
| 999 |
_c1229424 _d1229424 |
||